000 00874cam a2200217 4500
001 ABS68465
008 041115n2004 000 0 eng u
035 _a(Sirsi) u127959
100 _aMurdoch, S.
245 4 _aThe road to nowhere
260 _c2004
490 _aEstates Gazette
_v(0445) 6 November 2004, 123(1)
520 _aDiscusses "Jarvis Homes Ltd v Marshall" ([2004] 44 EG 154, Abs6781) which illustrates how restrictive covenants can limit development plans. Stresses how a covenant to use land as a private residence normally extends to land as well as buildings. Use by third parties either by legal right or by licence can amount to a breach.
590 _aABS
590 _aABS
650 _aJARVIS HOMES LTD V MARSHALL AND ANOTHER
650 _aRESTRICTIVE COVENANTS
650 _aDEVELOPMENT
690 _aPROPERTY AND LAND LAW
942 _n0
999 _c118301
_d118301